Calcul des orbites et des éphémérides / (Record no. 119008)

MARC details
000 -LEADER
campo de control de longitud fija 00642nam a2200193 4500
001 - NÚMERO DE CONTROL
campo de control 119008
003 - IDENTIFICADOR DE NÚMERO DE CONTROL
campo de control ES-MaACL
005 - FECHA Y HORA DE LA ÚLTIMA TRANSACCIÓN
campo de control 20230906191224.0
007 - CAMPO FIJO DE DESCRIPCIÓN FÍSICA--INFORMACIÓN GENERAL
campo de control de longitud fija t|
008 - DATOS DE LONGITUD FIJA--INFORMACIÓN GENERAL
campo de control de longitud fija 070214s1913 fr r ||||1| fre d
100 1# - ENTRADA PRINCIPAL--NOMBRE DE PERSONA
Nombre de persona Picart, Luc.
9 (RLIN) 91789
245 10 - MENCIÓN DEL TÍTULO
Título Calcul des orbites et des éphémérides /
Mención de responsabilidad, etc. Luc Picart.
260 ## - PUBLICACIÓN, DISTRIBUCIÓN, ETC.
Lugar de publicación, distribución, etc. Paris :
Nombre del editor, distribuidor, etc. Doin,
Fecha de publicación, distribución, etc. 1913.
300 ## - DESCRIPCIÓN FÍSICA
Extensión 306 p. ;
Dimensiones 18 x 12 cm.
490 1# - MENCIÓN DE SERIE
Mención de serie Encyclopédie scientifique. Bibliothèque d'astronomie et de physique céleste
830 0# - PUNTO DE ACCESO ADICIONAL DE SERIE-TÍTULO UNIFORME
Título uniforme Encyclopédie scientifique. Bibliothèque d'astronomie et de physique céleste
9 (RLIN) 218564
852 ## - LOCALIZACIÓN
Ubicación ES-MaACL
Número de control de estantería D-4412
Holdings
Estatus retirado Estado de pérdida Estado de daño No para préstamo Biblioteca de origen Biblioteca actual Ubicación en estantería Fecha de adquisición Fuente de adquisición Total de préstamos Signatura topográfica completa Código de barras Visto por última vez Precio de reemplazo Tipo de ítem Koha
        Biblioteca del Ateneo de Madrid Biblioteca del Ateneo de Madrid Sala Valle Inclán 17/01/2008     D-4412 901124064 23/02/2023 23/02/2023 Libro impreso